Score 0/32 Timer 06:00
1 Play Today
% Correct
Justin Bieber
97.6%
X-Files
97.3%
Harry Potter
97.1%
Star Trek
96.9%
Glee
96.8%
Kim Possible
96.5%
Twilight
96.4%
Led Zeppelin
95.4%
Power Rangers
95.1%
Malcolm McDowell
94.9%
Jane Austen
94.9%
Lil' Wayne
94.9%
Doctor Who
94.7%
Beyoncé
94.1%
Barry Manilow
94%
Lost
93.8%
% Correct
Vancouver Canucks
92.9%
The Grateful Dead
92.7%
True Blood
92.6%
Chris Pine
92.4%
Phantom of the Opera
92.2%
Lord of the Rings
90.5%
Conan O'Brien
88.7%
Pirates of the Caribbean
84.5%
Green Bay Packers
82.5%
The Office (US)
73.8%
Miley Cyrus
72.5%
Lady Gaga
67.9%
My Little Pony
67%
Jimmy Buffett
64.6%
Slipknot
48%
Firefly
45.3%
Remove Ads.
Support Sporcle.
Get the best of Sporcle when you Go Orange. This ad-free experience offers more features, more stats, and more fun while also helping to support Sporcle. Thank you for becoming a member.

You're not logged in!

Compare scores with friends on all Sporcle quizzes.
OR
Log In

Show Comments

Extras

Top Quizzes Today


Score Distribution

Your Account Isn't Verified!

In order to create a playlist on Sporcle, you need to verify the email address you used during registration. Go to your Sporcle Settings to finish the process.

Report this User

Report this user for behavior that violates our Community Guidelines.

Details: